Statistiques concernant Subdivisions Etrangères frontalières de la France

Cliquez ici pour prendre le quiz!

Statistiques générales

  • Ce quiz a été pris 73 fois
  • Le résultat moyen est 17 sur 33

Statistiques - réponses

PaysType de SubdivisionNom de la subdivision% Correct
EspagneCommunauté autonomeCatalogne
97%
SuisseCantonGenève
89%
EspagneCommunauté autonomePays-Basque
85%
MonacoQuartier OrdonnancéMonte Carlo
75%
ItalieRégionPiémont
74%
EspagneCommunauté autonomeNavarre
70%
AllemagneLanderSarre
70%
ItalieRégionVallée d'Aoste
70%
SuisseCantonVaud
70%
SuisseCantonJura
69%
EspagneCommunauté autonomeAragon
67%
BelgiqueProvinceLuxembourg
67%
SuisseCantonNeuchâtel
67%
AllemagneLanderRhénanie-Palatinat
67%
SuisseCantonBale Ville
66%
ItalieRégionLigurie
66%
SuisseCantonValais
66%
SuisseCantonBale Campagne
64%
AllemagneLanderBade Wurtemberg
59%
LuxembourgCantonEsch-sur-Alzette
49%
BelgiqueProvinceNamur
46%
BelgiqueProvinceHainaut
38%
BelgiqueProvinceFlandre Occidentale
34%
SuisseCantonSoleure
34%
MonacoQuartier OrdonnancéJardin Exotique
21%
AndorreParoisseEncamp
16%
AndorreParoisseCanillo
13%
AndorreParoisseLa Massana
13%
MonacoQuartier OrdonnancéLa Rousse
13%
AndorreParoisseOrdino
13%
LuxembourgCantonRemich
13%
MonacoSecteur RéservéSainte-Dévote
13%
MonacoQuartier OrdonnancéLes Moneghetti
8%

Distribution des résultats

Percentile par nombre de réponses

% des personnes avec chaque résultat

Votre développement - résultats

Vous n’avez pas pris ce quiz